Bách khoa động vật = Children's encyclopedia of animals

Sách giới thiệu hơn 1.500 loài động vật được minh họa sống động cùng danh pháp khoa học và tên thường gọi của chúng, bản đồ phân bố của tất cả các nhóm động vật chính, sơ đồ cơ thể động vật, ......

全面介紹

Đã lưu trong:
書目詳細資料
主要作者: McGhee, Karen
格式: 圖書
語言:Undetermined
出版: Hà Nội Dân Trí 2014
主題:
標簽: 添加標簽
沒有標簽, 成為第一個標記此記錄!
Thư viện lưu trữ: Trung tâm Học liệu Trường Đại học Cần Thơ
LEADER 01023nam a2200229Ia 4500
001 CTU_196748
008 210402s9999 xx 000 0 und d
020 |c 316000 
082 |a 590.3 
082 |b M145 
100 |a McGhee, Karen 
245 0 |a Bách khoa động vật = 
245 0 |b Children's encyclopedia of animals 
245 0 |c Karen McGhee, George McKay ; Lê Thị Oanh (dịch) ; Nguyễn Việt Long hiệu đính 
260 |a Hà Nội 
260 |b Dân Trí 
260 |c 2014 
520 |a Sách giới thiệu hơn 1.500 loài động vật được minh họa sống động cùng danh pháp khoa học và tên thường gọi của chúng, bản đồ phân bố của tất cả các nhóm động vật chính, sơ đồ cơ thể động vật, ... 
650 |a Animals,Động vật 
650 |x Encyclopedias,Bách khoa toàn thư 
904 |i Hải 
980 |a Trung tâm Học liệu Trường Đại học Cần Thơ